00716nam a2200217Ia 4500003000400000005001700004008004100021040000700062041000800069082002200077100001900099245005200118260003300170365001300203650003000216650002200246906005800268942001200326999001900338952014100357OSt20230606204401.0210423s2010 xx 000 0 und d cAL aeng a307.72 223bSHWR aSHWETA9120627 aRural sociology human migration and social work aNew DelhibKunal Booksc2010 b850cINR aRural Communities9120628 aSociology9120629 ahuman ; migration ; Rural ; social ; sociology ; work 2ddccBK c175957d175957 001040708MSWaSACPGbSACPGd2011-11-10eBook Worldg850.00l2o307.72 SHWRpPG022659r2026-03-25 08:31:08s2026-03-24w2021-04-26yBK